Desde las estrellas (Registro nro. 3430)
[ vista simple ]
| 000 -Cabecera | |
|---|---|
| Campo de control de longitud fija | 00528aam a2200205 4500 |
| 005 - Fecha y hora de la última transacción | |
| Campo de control | 20231009154508.0 |
| 008 - Elementos de longitud fija--Información general | |
| Campo de control de longitud fija | 150227b xxu||||| |||| 00| 0 eng d |
| 041 ## - Idioma | |
| Código de idioma | |
| 082 ## - Clasificación Decimal Dewey | |
| Número de clasificación | 155.23 B199d |
| 100 ## - Entrada principal--Autor personal | |
| Nombre personal | Bambaren, Sergio |
| 9 (RLIN) | 29131 |
| 245 ## - Título propiamente dicho | |
| Título | Desde las estrellas |
| 260 ## - Pie de imprenta | |
| Lugar de publicación, distribución, etc. | Colombia |
| Nombre del editor, distribuidor, etc. | Norma |
| Fecha de publicación, distribución, etc. | 2004 |
| 300 ## - Descripción física | |
| Extensión | 176 páginas |
| 650 ## - Materia general | |
| Temática (materia general) | SUPERACIÓN PERSONAL |
| 650 ## - Materia general | |
| Temática (materia general) | OPTIMISMO |
| 650 ## - Materia general | |
| Temática (materia general) | CONFIANZA EN SI MISMO |
| 650 ## - Materia general | |
| Temática (materia general) | AUTOESTIMA |
| 650 ## - Materia general | |
| Temática (materia general) | ÉXITO |
| 942 ## - Punto de acceso adicional KOHA | |
| Tipo de ítem KOHA | Literatura |
| Fuente del sistema de clasificación o colocación | Dewey Decimal Classification |
| Signatura completa | Código de barras | Tipo de ítem |
|---|---|---|
| 155.23 B199d | 12504 | Literatura |